In a rich man's world. (Record no. 60989)

MARC details
000 -LEADER
fixed length control field 00591cam a2200181 4500
001 - CONTROL NUMBER
control field ABS61267
008 - FIXED-LENGTH DATA ELEMENTS--GENERAL INFORMATION
fixed length control field 000000n1999 000 0 eng u
035 ## - SYSTEM CONTROL NUMBER
System control number (Sirsi) u101888
100 ## - MAIN ENTRY--PERSONAL NAME
Personal name Benyon, L.
245 ## - TITLE STATEMENT
Title In a rich man's world.
260 ## - PUBLICATION, DISTRIBUTION, ETC.
Date of publication, distribution, etc. 1999
490 ## - SERIES STATEMENT
Series statement Property Week
Volume/sequential designation 64(34) 3 September 1999, 26-28(3)
520 ## - SUMMARY, ETC.
Summary, etc. Looks at levels of boardroom pay in the property sector as the government attempts to curb excesses of executive salaries.
650 ## - SUBJECT ADDED ENTRY--TOPICAL TERM
Topical term or geographic name entry element SALARIES
650 ## - SUBJECT ADDED ENTRY--TOPICAL TERM
Topical term or geographic name entry element EXECUTIVES
690 ## - LOCAL SUBJECT ADDED ENTRY--TOPICAL TERM (OCLC, RLIN)
Topical term or geographic name as entry element MANAGEMENT-BUSINESS MANAGEMENT-PROFESSIONAL PRACTICE
942 ## - ADDED ENTRY ELEMENTS (KOHA)
Suppress in OPAC 0
Holdings
Withdrawn status Lost status Source of classification or shelving scheme Damaged status Not for loan Home library Current library Shelving location Date acquired Total Checkouts Full call number Barcode Date last seen Copy number Price effective from Koha item type
    Dewey Decimal Classification     London London Journal article 12/11/1999   ABS61267 101888-1001 06/08/2019 1 06/08/2019 Journal article